000 00523nam a2200181Ia 4500
001 43372
008 140425s9999 xx 000 0 und d
020 _aNA
040 _cPK-LaUMT
082 _aRHC 297.650954
_bAHM-A
100 _aAhmad Saeed
245 _aAnjuman Islamia Amertser (1873-1947) (Urdu)
_btaleemi wa siyassi khidmat
_cAhmad Saeed
260 _aLahore,Pakistan:
_bIdara Tehqiqaat-e-Pakistan, Danshgah Punjab,
_c1986
300 _a372 p
546 _aUR
650 _aAnjaman Islamia-Amertser
942 _cBK
999 _c41382
_d41382